Política de Seguros de Alberto de Juan Rodríguez (Record no. 85456)

MARC details
000 -LEADER
campo de control de longitud fija 00704nam a2200181 i 4500
001 - NÚMERO DE CONTROL
campo de control 85456
003 - IDENTIFICADOR DE NÚMERO DE CONTROL
campo de control ES-MaACL
005 - FECHA Y HORA DE LA ÚLTIMA TRANSACCIÓN
campo de control 20230906175240.0
007 - CAMPO FIJO DE DESCRIPCIÓN FÍSICA--INFORMACIÓN GENERAL
campo de control de longitud fija t|
008 - DATOS DE LONGITUD FIJA--INFORMACIÓN GENERAL
campo de control de longitud fija 041129s1960 ve ||||1| spa d
100 1# - ENTRADA PRINCIPAL--NOMBRE DE PERSONA
Nombre de persona Juan Rodríguez, Alberto de.
9 (RLIN) 67132
245 10 - MENCIÓN DEL TÍTULO
Título Política de Seguros de Alberto de Juan Rodríguez
Resto del título : 1950 /
Mención de responsabilidad, etc. condensado por José María Gutiérrez.
260 ## - PUBLICACIÓN, DISTRIBUCIÓN, ETC.
Lugar de publicación, distribución, etc. Caracas :
Nombre del editor, distribuidor, etc. Instituto de Investigaciones Tecnológicas del Seguro,
Fecha de publicación, distribución, etc. [1960] (
Lugar de fabricación/manufactura Madrid :
Fabricante Ibarra)
300 ## - DESCRIPCIÓN FÍSICA
Extensión 420 p. :
Otras características físicas retr. aut. ;
Dimensiones 12 cm.
700 1# - ENTRADA AGREGADA--NOMBRE PERSONAL
Nombre de persona Gutiérrez, José María.
9 (RLIN) 61064
710 2# - ENTRADA AGREGADA--NOMBRE DE ENTIDAD CORPORATIVA
Nombre de entidad corporativa o nombre de jurisdicción como elemento de entrada Instituto de Investigaciones Tecnológicas del Seguro (Caracas)
9 (RLIN) 4976
852 ## - LOCALIZACIÓN
Ubicación ES-MaACL
Número de control de estantería C-21509
Sublocalización o colección R.47416
Holdings
Estatus retirado Estado de pérdida Estado de daño No para préstamo Biblioteca de origen Biblioteca actual Ubicación en estantería Fecha de adquisición Fuente de adquisición Total de préstamos Signatura topográfica completa Código de barras Visto por última vez Precio de reemplazo Tipo de ítem Koha
        Biblioteca del Ateneo de Madrid Biblioteca del Ateneo de Madrid Galería 17/01/2008     C-21509 1089299 23/02/2023 23/02/2023 Libro impreso